00247nam a2200121Ia 45000030006000000080041000060400015000471000015000622450010000772600009000875460012000960050017001080STCL150530s9999 xx 000 0 und d aSTCLcSTCL aWilson, W. aState c1919 aEnglish20220125165448.0